000 00875nas a2200277 4500
001 BR0808123
003 BR-BrBNA
005 20231205112817.0
007 ta
008 230509b bl.|||p| |||| 00| 00por d
040 _aBR-BrBNA
_bpor
_cBiblioteca Nacional de Agricultura
041 _a(En)
072 _aL70; L73
100 1 _aMathias, L.A.
100 1 _aMacmillan, A.P.
100 1 _aWilji, J.G.
100 1 _aMoenning, V.
245 1 _aSensitivity and specifity of a competitive enzyme em imunoassay in the serodiagnosis of bovine brucellosis
650 _aBOVINO
650 _aDOENÇA ANIMAL
650 _aTRATAMENTO
650 _aVETERINÁRIA
773 0 _tBrazilian Journal of Veterinary Research and Animal Science (Brazil)
_xISSN 1413-9596
_g(1993), v. 30(1) p. 205-209
_wBR0808123
909 _a202311
_bLúcia
_c55
_dLúcia Elande
942 _2AGRIS
_n0
_cANA
999 _c200120
_d200120